SSC constable(GD) : (Record no. 8185)

MARC details
000 -LEADER
fixed length control field 00458cam a2200193ua 4500
001 - CONTROL NUMBER
control field 9120
005 - DATE AND TIME OF LATEST TRANSACTION
control field 20260515114428.0
008 - FIXED-LENGTH DATA ELEMENTS--GENERAL INFORMATION
fixed length control field 150221n ii |||gr||||Z||||||eng
020 ## - INTERNATIONAL STANDARD BOOK NUMBER
International Standard Book Number 9788183487177
040 ## - CATALOGING SOURCE
Transcribing agency MAIN
041 ## - LANGUAGE CODE
Language code of text/sound track or separate title eng
082 ## - DEWEY DECIMAL CLASSIFICATION NUMBER
Classification number 001
245 1# - TITLE STATEMENT
Title SSC constable(GD) :
Remainder of title Recuitement exam 2013 /
Statement of responsibility, etc. Edited by Arihant .
250 ## - EDITION STATEMENT
Edition statement 1st.
260 ## - PUBLICATION, DISTRIBUTION, ETC.
Place of publication, distribution, etc. New Delhi:
Name of publisher, distributor, etc. Arihant,
Date of publication, distribution, etc. 2010.
300 ## - PHYSICAL DESCRIPTION
Extent 246p.
653 ## - INDEX TERM--UNCONTROLLED
Uncontrolled term Knowledge
942 ## - ADDED ENTRY ELEMENTS (KOHA)
Koha item type Books
Holdings
Withdrawn status Lost status Damaged status Not for loan Home library Current library Shelving location Date acquired Total checkouts Full call number Barcode Date last seen Date last checked out Copy number Price effective from Koha item type
        Naharkatiya College Library Naharkatiya College Library General stacks 09/19/2020 11 001 | SSC 22421 03/24/2026 02/19/2026 1 09/19/2020 Books